Riconosci il Pokémon - Quiz n°678 - Statistics

Statistiche generali
  • Questo quiz è stato fatto 1 volte
  • Il punteggio medio è 9 su 10
Statistiche sulle risposte
Indizio Riposta % Corretto
Altezza 0,6 m
100%
Tasso di cattura 120 (24.9%)
100%
Peso 15,5 kg
100%
Sesso 50% ♂, 50% ♀
100%
Tasso di allevamento Medio-Lento
100%
Tipo Normale; Volante
100%
Abilità Prepotenza, Temerarietà
100%
Stadio evoluzione Prima evoluzione
100%
Generazione Quarta
100%
Pokémon Staravia
0%
Nessun quiz corrispondente trovato
Distribuzione punteggi
Percentuale di utenti per punteggio
Percentile per numero di risposta
I tuoi punteggi nel tempo
Non hai fatto questo quiz